000 00625nam a2200241Ia 4500
003 OSt
005 20221007100556.0
006 a|||||r|||| 00| 0
007 ta
008 221006b |||||||| |||| 00| 0 eng d
024 _a4,648
037 _cTextual
040 _aLCO
_cLCO
_beng
041 _2eng
_aeng
082 _aV2:2OaZ1, M2
100 _aGUPTA S N
245 0 _aConstitutional and international law
260 _aDelhi
_bCommercial law pub.
_c1982
300 _a274
650 _aCONSTITUTIONAL LAW
_9681314
942 _hV2:2OaZ1, M2
_cTEXL
999 _c1174211
_d1174211